000 00774nam a2200253 i 4500
001 C2-0340834
003 PPAK
005 20180728142652.0
008 170212s2012 nyu |||| ||||| | eng d
020 _a9781455558902
040 _aPPAK
_beng
_cPPAK
_erda
082 0 4 _a332.66092
_223
090 0 0 _a332.66092
_bSMI
_dLCK
100 1 _aSmith, Greg,
_eauthor
245 1 0 _aWhy I left goldman sachs :
_ba wall street story
264 1 _aNew York :
_bGrand Central Publishing ,
_c2012
300 _a372 pages ;
_c18 cm
336 _2rdacontent
_atext
337 _2rdamedia
_aunmediated
338 _2rdacarrier
_avolume
500 _aIncludes index.
650 1 0 _aSmith, Greg (Economist) ; Goldman, Sachs & Co. ; Investment banking |-United States.
942 _ddc
_cB
999 _c137969
_d137969